Mejorar la docencia universitaria

Guardat en:
Dades bibliogràfiques
Autors principals: Forero Rodríguez, Fanny (Autor), Pardo Novoa, Alberto (Autor)
Format: Llibre
Idioma:espanyol
Publicat: Bogotá Universidad Pedagógica Nacional 1999
Matèries:
Etiquetes: Afegir etiqueta
Sense etiquetes, Sigues el primer a etiquetar aquest registre!

MARC

LEADER 00000nam a2200000 a 4500
001 UCP6158
003 CL-VaPUC
008 991015e19990000CK |||||||||||||||||spa|d
082 0 4 |a 378.121  |b FOR  |2 21 
100 0 |a Forero Rodríguez, Fanny  |e author  |9 435045 
700 0 |a Pardo Novoa, Alberto  |e author  |9 435046 
245 1 0 |a Mejorar la docencia universitaria 
300 |a v 
942 |c BK 
945 |d 19991015 00:00:00  |a rbrito 
260 |a Bogotá  |b Universidad Pedagógica Nacional  |c 1999 
650 0 |a Educación superior   |9 223851 
650 7 |a FORMACION PROFESIONAL DE DOCENTE  |2 CL-VaPUC  |9 435047 
583 |a last modification  |c 19991015 00:00:00  |k Rodrigo Vera 
999 |c 283772  |d 283770 
952 |0 0  |1 0  |4 0  |6 378_121000000000000_FOR_1999  |7 0  |8 A  |9 327217  |a BIBEDU  |b BIBEDU  |d 2019-11-20  |h v.2  |i 3569985  |o 378.121 FOR 1999  |p 3569985  |r 2019-11-20  |w 2019-11-20  |y BK  |k EDU